Capping the post - productivist concensus (Record no. 70144)

MARC details
000 -LEADER
fixed length control field 00982cam a2200253 4500
001 - CONTROL NUMBER
control field ABS65450
008 - FIXED-LENGTH DATA ELEMENTS--GENERAL INFORMATION
fixed length control field 020501n2002 000 0 eng u
035 ## - SYSTEM CONTROL NUMBER
System control number (Sirsi) u117794
100 ## - MAIN ENTRY--PERSONAL NAME
Personal name Carroll, T
245 ## - TITLE STATEMENT
Title Capping the post - productivist concensus
260 ## - PUBLICATION, DISTRIBUTION, ETC.
Date of publication, distribution, etc. 2002
490 ## - SERIES STATEMENT
Series statement Town & Country Planning
Volume/sequential designation 72(3) March 2002, 70-72(3)
520 ## - SUMMARY, ETC.
Summary, etc. Review of Curry Report "Farming and Food", produced to advise on creation of sustainable, competitive and diverse farming and food industry, within a thriving rural economy. Short timescale given to produce report has not hindered creation of coherent and pragmatic document. Concludes that issue of policy neglect of rural economy and role of agriculture still needs to be addressed.
590 ## - LOCAL NOTE (RLIN)
Local note ABS
650 ## - SUBJECT ADDED ENTRY--TOPICAL TERM
Topical term or geographic name entry element FARMING
650 ## - SUBJECT ADDED ENTRY--TOPICAL TERM
Topical term or geographic name entry element CURRY REPORT
650 ## - SUBJECT ADDED ENTRY--TOPICAL TERM
Topical term or geographic name entry element AGRICULTURE
650 ## - SUBJECT ADDED ENTRY--TOPICAL TERM
Topical term or geographic name entry element RURAL ECONOMY
650 ## - SUBJECT ADDED ENTRY--TOPICAL TERM
Topical term or geographic name entry element FOOD
690 ## - LOCAL SUBJECT ADDED ENTRY--TOPICAL TERM (OCLC, RLIN)
Topical term or geographic name as entry element Rural
9 (RLIN) 6268
700 ## - ADDED ENTRY--PERSONAL NAME
Personal name Lowe, P
700 ## - ADDED ENTRY--PERSONAL NAME
Personal name Ward, N
942 ## - ADDED ENTRY ELEMENTS (KOHA)
Suppress in OPAC 0
Holdings
Withdrawn status Lost status Source of classification or shelving scheme Damaged status Not for loan Home library Current library Shelving location Date acquired Total Checkouts Full call number Barcode Date last seen Copy number Price effective from Koha item type
    Dewey Decimal Classification     London London Journal article 01/05/2002   ABS65450 117794-1001 06/08/2019 1 06/08/2019 Journal article